000 00956nam a22002897a 4500
003 CHAP
005 20220329135605.0
008 971013s1980 r 00010 d
010 _a38979
011 _a39951
035 _a44076
040 _cCHAP
082 _a633.2
_bH65
100 0 0 _aHolmes, William.
_956000
245 _aGrass
_b: its production and utilization
260 _aOxford :
_bBritish Grassland Society,
_c1980
300 _a295 p.
_b: gráfs.
504 _aBibliografía : pp. 271-287
590 _aBATCH-UPD
_b10
_c20130110
_lUCH01
_h0846
590 _aCONVERSION
_b10
_c20130109
_lUCH01
_h1322
650 1 4 _aPastos forrajeros.
_986094
901 _aBK
942 _cLIBRO
949 _a633.2 H65
_bBC
_cLIBRO
_d33724000213583
_eLIBRO
_fc.3
_h55294
_i44076
_si
_t773.50
949 _a633.2 H65
_bBC
_cLIBRO
_d33724000213591
_eLIBRO
_h54522
_i44076
_si
_t773.50
949 _a633.2 H65
_bBC
_cLIBRO
_d33724000940698
_eLIBRO
_fc.2
_h55293
_i44076
_si
_t773.50
999 _c38979
_d38979